000 00513nam a2200193Ia 4500
003 OSt
005 20221007083136.0
006 a|||||r|||| 00| 0
007 ta
008 221006b |||||||| |||| 00| 0 eng d
024 _a22,816
037 _cDissertations
040 _aFLL
_cFLL
_beng
041 _2eng
_aeng
100 _aKumar Prem
_9301333
245 0 _aDessertation on the future of international monetary rund-a legal format.
942 _cDIS
_2CC
999 _c1168956
_d1168956